[Event "Gorodets Small Kitezh op"]
[Site "Gorodets"]
[Date "2015.08.02"]
[Round "8"]
[White "Kalugin, Alexander"]
[Black "Guskova, Alina"]
[Result "1-0"]
[WhiteElo "2102"]
[BlackElo "1800"]
[PlyCount "51"]
[EventDate "2015.07.29"]
[EventType "swiss"]
[EventRounds "9"]
[EventCountry "RUS"]
[SourceTitle "CBM 167 Extra"]
[Source "ChessBase"]
[SourceDate "2015.09.14"]
[SourceVersion "1"]
[SourceVersionDate "2015.09.14"]
[SourceQuality "1"]

1. e4 c5 2. Nf3 e6 3. c3 Nf6 4. e5 Nd5 5. d4 cxd4 6. cxd4 d6 7. Nc3 Nb6 8. Bd3 dxe5 9. dxe5 h6 10. 0-0 Be7 11. Qe2 a6 12. Rd1 Qc7 13. Qe4 f5 14. exf6 Bxf6 15. Bf4 Qf7 16. Bd6 Nc6 17. a4 Bd7 18. Bc5 Bxc3 19. bxc3 Nd5 20. Rac1 0-0-0 21. Bc4 Nf6 22. Qe2 Nb8 23. Ne5 Qe8 24. Bb6 Qe7 25. Ng6 Qa3 26. Qe5 1-0

[Event "Gorodets Small Kitezh op"]
[Site "Gorodets"]
[Date "2015.07.31"]
[Round "4"]
[White "Guskova, Alina"]
[Black "Krylov, Vadim"]
[Result "1-0"]
[WhiteElo "1800"]
[BlackElo "1993"]
[PlyCount "37"]
[EventDate "2015.07.29"]
[EventType "swiss"]
[EventRounds "9"]
[EventCountry "RUS"]
[SourceTitle "CBM 167 Extra"]
[Source "ChessBase"]
[SourceDate "2015.09.14"]
[SourceVersion "1"]
[SourceVersionDate "2015.09.14"]
[SourceQuality "1"]

1. d4 Nf6 2. c4 g6 3. Nc3 d5 4. Bf4 Bg7 5. e3 0-0 6. Nf3 c6 7. Bd3 dxc4 8. Bxc4 Nbd7 9. 0-0 Nb6 10. Bb3 Nbd5 11. Bg3 Nxc3 12. bxc3 Ne4 13. Qc2 Bf5 14. Qb2 Nxg3 15. hxg3 Qb6 16. Qa3 Rfe8 17. Ng5 Rf8 18. Qxe7 Rae8 19. Bxf7+ 1-0

[Event "Gorodets op"]
[Site "Gorodets"]
[Date "2014.08.10"]
[Round "8"]
[White "Leukhin, Pavel"]
[Black "Guskova, Alina"]
[Result "0-1"]
[WhiteElo "1936"]
[BlackElo "1692"]
[PlyCount "60"]
[EventDate "2014.08.06"]
[EventType "swiss"]
[EventRounds "9"]
[EventCountry "RUS"]
[SourceTitle "EXT 2016"]
[Source "ChessBase"]
[SourceDate "2015.10.08"]
[SourceVersion "1"]
[SourceVersionDate "2015.10.08"]
[SourceQuality "1"]

1. e4 c5 2. Nf3 e6 3. d4 cxd4 4. Nxd4 a6 5. Nc3 Qc7 6. Bd3 Bb4 7. Bd2 Nf6 8. 0-0 0-0 9. Ncb5 Qa5 10. Nb3 Qa4 11. Nc7 Ra7 12. Be3 b6 13. Bxb6 Rb7 14. e5 Rxb6 15. exf6 g6 16. c3 Bd6 17. Qd2 Qh4 18. g3 Qh3 19. Na8 Bb7 20. f3 Bxa8 21. Qe3 Rb7 22. Qd4 Bc7 23. Be4 d5 24. Bd3 Bb6 25. Nc5 Nd7 26. b4 Rc7 27. Kh1 Nxc5 28. bxc5 Bxc5 29. Qe5 Rc6 30. f4 Bd6 0-1

[Event "Gorodets op"]
[Site "Gorodets"]
[Date "2014.08.08"]
[Round "4"]
[White "Guskova, Alina"]
[Black "Subbotin, Nikolay"]
[Result "1-0"]
[WhiteElo "1692"]
[BlackElo "1850"]
[PlyCount "69"]
[EventDate "2014.08.06"]
[EventType "swiss"]
[EventRounds "9"]
[EventCountry "RUS"]
[SourceTitle "EXT 2016"]
[Source "ChessBase"]
[SourceDate "2015.10.08"]
[SourceVersion "1"]
[SourceVersionDate "2015.10.08"]
[SourceQuality "1"]

1. d4 d5 2. c4 dxc4 3. e3 e5 4. Bxc4 exd4 5. exd4 Nf6 6. Nf3 Bb4+ 7. Bd2 Bxd2+ 8. Nbxd2 0-0 9. 0-0 h6 10. h3 Re8 11. Qb3 Be6 12. Qxb7 Nbd7 13. d5 Bf5 14. Nd4 Rb8 15. Qa6 Ra8 16. Qb7 Rb8 17. Qa6 Ra8 18. Qb5 Rb8 19. Qa5 Ra8 20. Qb4 Rb8 21. Qc3 Ne4 22. Nxe4 Bxe4 23. f3 Bg6 24. Nc6 Qc8 25. Nxb8 Qxb8 26. Rfe1 Qb6+ 27. Kh1 Rxe1+ 28. Rxe1 Qf2 29. Qe3 Qxb2 30. Qe8+ Nf8 31. Bb3 Qa3 32. Qc6 Qd6 33. Rc1 Bh5 34. Qxd6 cxd6 35. Rc6 1-0

[Event "Gorodets op"]
[Site "Gorodets"]
[Date "2014.08.07"]
[Round "3"]
[White "Budaev, Vladislav"]
[Black "Guskova, Alina"]
[Result "0-1"]
[WhiteElo "1742"]
[BlackElo "1692"]
[PlyCount "88"]
[EventDate "2014.08.06"]
[EventType "swiss"]
[EventRounds "9"]
[EventCountry "RUS"]
[SourceTitle "EXT 2016"]
[Source "ChessBase"]
[SourceDate "2015.10.08"]
[SourceVersion "1"]
[SourceVersionDate "2015.10.08"]
[SourceQuality "1"]

1. d4 d5 2. c4 e6 3. Nf3 c6 4. Nc3 Bb4 5. c5 Nd7 6. Qc2 h6 7. a3 Ba5 8. Bf4 Bc7 9. Bxc7 Qxc7 10. e4 Ne7 11. Bd3 0-0 12. e5 f6 13. exf6 Rxf6 14. Ne2 e5 15. dxe5 Nxe5 16. Nxe5 Qxe5 17. 0-0 Qg5 18. Ng3 Nf5 19. f4 Qg4 20. Rae1 Bd7 21. Nh1 Nh4 22. Qf2 Raf8 23. g3 Nf5 24. Be2 Qg6 25. Bd3 Qh5 26. Qf3 Qf7 27. Nf2 Nd4 28. Qg2 Nb3 29. Nd1 Nxc5 30. Bc2 Ne6 31. Ne3 Nd4 32. Bb1 Re8 33. Nd1 Rfe6 34. Rxe6 Rxe6 35. Nc3 Nf5 36. Qd2 Ne3 37. Re1 Nc4 38. Qf2 Rxe1+ 39. Qxe1 Qe6 40. Qd1 Qe3+ 41. Kh1 Nxb2 42. Qc2 Nc4 43. Qh7+ Kf8 44. Qc2 Qe1+ 0-1

[Event "Gorodets op"]
[Site "Gorodets"]
[Date "2014.08.06"]
[Round "1"]
[White "Chubarov, Yuri"]
[Black "Guskova, Alina"]
[Result "1-0"]
[WhiteElo "2064"]
[BlackElo "1692"]
[PlyCount "65"]
[EventDate "2014.08.06"]
[EventType "swiss"]
[EventRounds "9"]
[EventCountry "RUS"]
[SourceTitle "EXT 2016"]
[Source "ChessBase"]
[SourceDate "2015.10.08"]
[SourceVersion "1"]
[SourceVersionDate "2015.10.08"]
[SourceQuality "1"]

1. e4 c5 2. Nf3 e6 3. c3 d6 4. d4 cxd4 5. cxd4 Nc6 6. Nc3 Nf6 7. Be2 Be7 8. 0-0 0-0 9. Bg5 h6 10. Bf4 a6 11. h3 b5 12. e5 dxe5 13. dxe5 Nd7 14. Ne4 Qc7 15. Rc1 Rd8 16. Qc2 Bb7 17. Nd6 Bxd6 18. exd6 Qb6 19. Be3 Qa5 20. Qb1 Rac8 21. Rfd1 Nf6 22. Bc5 Nb8 23. b4 Qa4 24. Re1 Bd5 25. Bb6 Re8 26. Rxc8 Rxc8 27. Rc1 Re8 28. Ne5 Nbd7 29. Nxd7 Nxd7 30. Ba5 Bxa2 31. Qc2 Qa3 32. Ra1 Bb3 33. Qc3 1-0